<?xml version="1.0" encoding="UTF-8"?>
<record
    xmlns:xsi="http://www.w3.org/2001/XMLSchema-instance"
    xsi:schemaLocation="http://www.loc.gov/MARC21/slim http://www.loc.gov/standards/marcxml/schema/MARC21slim.xsd"
    xmlns="http://www.loc.gov/MARC21/slim">

  <leader>00530nam a2200157Ia 4500</leader>
  <controlfield tag="008">210310s9999    xx            000 0 und d</controlfield>
  <datafield tag="020" ind1=" " ind2=" ">
    <subfield code="a">0</subfield>
  </datafield>
  <datafield tag="100" ind1=" " ind2=" ">
    <subfield code="a">Robert dubin</subfield>
    <subfield code="9">24346</subfield>
  </datafield>
  <datafield tag="245" ind1=" " ind2="0">
    <subfield code="a"> Las relaciones humanas en la administraci&#xF3;n</subfield>
  </datafield>
  <datafield tag="260" ind1=" " ind2=" ">
    <subfield code="c">1983</subfield>
  </datafield>
  <datafield tag="300" ind1=" " ind2=" ">
    <subfield code="b">704p : , </subfield>
  </datafield>
  <datafield tag="440" ind1=" " ind2=" ">
    <subfield code="a">0</subfield>
    <subfield code="9">24347</subfield>
  </datafield>
  <datafield tag="500" ind1=" " ind2=" ">
    <subfield code="a">0</subfield>
  </datafield>
  <datafield tag="505" ind1=" " ind2=" ">
    <subfield code="a">0</subfield>
  </datafield>
  <datafield tag="650" ind1=" " ind2=" ">
    <subfield code="a">Relaciones humanas..-- Relaciones laborales.-- Psicolog&#xED;a industrial..-- Motivaci&#xF3;n del empleado..-- Comunicaci&#xF3;n (empresas).-- Toma de decisiones..-- Ambiente de trabajo.</subfield>
    <subfield code="9">24348</subfield>
  </datafield>
  <datafield tag="999" ind1=" " ind2=" ">
    <subfield code="c">11013</subfield>
    <subfield code="d">11013</subfield>
  </datafield>
  <datafield tag="952" ind1=" " ind2=" ">
    <subfield code="0">0</subfield>
    <subfield code="1">0</subfield>
    <subfield code="4">0</subfield>
    <subfield code="7">0</subfield>
    <subfield code="a">CPL</subfield>
    <subfield code="b">CPL</subfield>
    <subfield code="d">2021-03-10</subfield>
    <subfield code="l">0</subfield>
    <subfield code="p">430011958</subfield>
    <subfield code="r">2024-05-16 00:00:00</subfield>
    <subfield code="w">2021-03-10</subfield>
    <subfield code="y">BK</subfield>
  </datafield>
</record>
